000
00245nam a2200097Ia 4500
008
240321s9999 xx 000 0 und d
082
_a
741.994
_b
WOO
100
_a
Woolley, Ken
245
0
_a
Art works: drawing
260
_b
The Images Publishing Group
999
_c
61318
_d
61318